000 00574nam a2200145 a 4500
008 120416s1964 ||||||||||||||||| || u
050 _aSB 476 Mar
100 _aMarsh, Warner L
245 1 0 _aLandscape vocabulary
260 _aLos Angeles
_bMiramar Pub
_c1964
300 _a316p. : ill
350 _a0.00
995 _aREFERENCE BOOKS
_D0.00
_e719458
_FCBU-MAIN LIBRARY (Kitwe)
_H1
_I8.00
_jSB 476 Mar
_M1
_UREFERENCE
_y023180
_ZReference Collection
995 _aREFERENCE BOOKS
_D0.00
_e719459
_FCBU-MAIN LIBRARY (Kitwe)
_H2
_I8.00
_jSB 476 Mar
_M2
_UREFERENCE
_y023181
_ZReference Collection
999 _c80606
_d80606